Marcelino Camacho y Josefina (Record no. 66758)

MARC details
000 -LEADER
campo de control de longitud fija 01006nam a2200313 i 4500
001 - NÚMERO DE CONTROL
campo de control 66758
003 - IDENTIFICADOR DE NÚMERO DE CONTROL
campo de control ES-MaACL
005 - FECHA Y HORA DE LA ÚLTIMA TRANSACCIÓN
campo de control 20250528063008.0
007 - CAMPO FIJO DE DESCRIPCIÓN FÍSICA--INFORMACIÓN GENERAL
campo de control de longitud fija t|
008 - DATOS DE LONGITUD FIJA--INFORMACIÓN GENERAL
campo de control de longitud fija 030704s2003 sp ||||0| spa d
020 ## - NÚMERO INTERNACIONAL ESTÁNDAR DEL LIBRO
Número Internacional Estándar del Libro 84-96107-03-5
040 ## - FUENTE DE CATALOGACIÓN
Centro catalogador/agencia de origen M-BN
Lengua de catalogación spa
Centro/agencia transcriptor M-BN
080 ## - NÚMERO DE LA CLASIFICACIÓN DECIMAL UNIVERSAL
Número de la Clasificación Decimal Universal 929 Camacho, Marcelino
080 ## - NÚMERO DE LA CLASIFICACIÓN DECIMAL UNIVERSAL
Número de la Clasificación Decimal Universal 94(460)"19"
100 1# - ENTRADA PRINCIPAL--NOMBRE DE PERSONA
Nombre de persona Camacho, Marcelino
9 (RLIN) 33961
245 10 - MENCIÓN DEL TÍTULO
Título Marcelino Camacho y Josefina
Resto del título : coherencia y honradez de un líder /
Mención de responsabilidad, etc. Etsuko Asami, Alfredo Gómez Gil.
260 ## - PUBLICACIÓN, DISTRIBUCIÓN, ETC.
Lugar de publicación, distribución, etc. Madrid :
Nombre del editor, distribuidor, etc. Algaba,
Fecha de publicación, distribución, etc. 2003.
300 ## - DESCRIPCIÓN FÍSICA
Extensión 355 p. :
Otras características físicas il., fot. ;
Dimensiones 25 cm.
490 1# - MENCIÓN DE SERIE
Mención de serie Biografía ;
Designación de volumen o secuencia 4
500 ## - NOTA GENERAL
Nota general Indice.
600 14 - PUNTO DE ACCESO ADICIONAL DE MATERIA--NOMBRE DE PERSONA
Nombre de persona Camacho, Marcelino-
Subdivisión general Biografías.
9 (RLIN) 33962
651 #4 - PUNTO DE ACCESO ADICIONAL DE MATERIA--NOMBRE GEOGRÁFICO
Nombre geográfico España-
Subdivisión general Historia-
Subdivisión cronológica S.XX.
9 (RLIN) 138832
700 1# - ENTRADA AGREGADA--NOMBRE PERSONAL
Nombre de persona Samper, Josefina.
9 (RLIN) 102192
700 1# - ENTRADA AGREGADA--NOMBRE PERSONAL
Nombre de persona Asami, Etsuko.
9 (RLIN) 23529
700 0# - ENTRADA AGREGADA--NOMBRE PERSONAL
Nombre de persona Gómez Gil, Alfredo,
Fechas asociadas al nombre 1936-
9 (RLIN) 57969
830 0# - PUNTO DE ACCESO ADICIONAL DE SERIE-TÍTULO UNIFORME
Título uniforme Biografía ;
Designación de volumen o secuencia 4
9 (RLIN) 183045
852 ## - LOCALIZACIÓN
Ubicación ES-MaACL
Número de control de estantería L-27254
Sublocalización o colección R.132855
Holdings
Estatus retirado Estado de pérdida Estado de daño No para préstamo Biblioteca de origen Biblioteca actual Ubicación en estantería Fecha de adquisición Fuente de adquisición Total de préstamos Signatura topográfica completa Código de barras Visto por última vez Precio de reemplazo Tipo de ítem Koha
        Biblioteca del Ateneo de Madrid Biblioteca del Ateneo de Madrid Depósito 2 17/01/2008     L-27254 1069924 23/02/2023 23/02/2023 Libro impreso